Sám proti stresu : jak se ubránit stresu a udržet duševní rovnováhu : soubor rad, jak přežít v dnešní době /

Guardado en:
Detalles Bibliográficos
Autor principal: Cimický, Jan (Autor)
Formato: Libro
Lenguaje:checo
Publicado: Praha Bondy 2014
Edición:3. dopl. vyd.
Materias:
Etiquetas: Agregar Etiqueta
Sin Etiquetas, Sea el primero en etiquetar este registro!

MARC

LEADER 00000nam a22000003a 4500
001 0092557
003 SK-STU
005 20211217135411.4
007 ta
008 211217s ----xo-----e------000-0-----d
020 |a 978-80-88073-02-4 
040 |a STU  |b slo 
041 0 |a cze 
044 |a xr 
100 1 |a Cimický, Jan  |4 aut 
245 1 0 |a Sám proti stresu :  |b jak se ubránit stresu a udržet duševní rovnováhu : soubor rad, jak přežít v dnešní době /  |c aut. Jan Cimický 
250 |a 3. dopl. vyd. 
260 |a Praha  |b Bondy  |c 2014 
300 |a 183 s. 
650 0 7 |a stres 
650 0 7 |a psychológia 
996 |b 284M088988  |c M* 14589-1  |l MMST  |s A  |a 24  |w 0092557_0001